| 000 | 00800nam a2200253 a 4500 | ||
|---|---|---|---|
| 999 |
_c504 _d504 |
||
| 008 | 190905r19802002xxua|||gr|||| 001 0 eng d | ||
| 020 |
_a9780521299695 _c£ 37.99 |
||
| 040 |
_aKO _beng |
||
| 041 | 0 | _aeng | |
| 044 | _axxu | ||
| 082 | 0 | 4 |
_223 _a382.104 _bD6429 |
| 100 | 1 | _aDixit, A. K. | |
| 245 | 1 | 0 |
_aTheory of International Trade : _bA dual, general equilibrium approach / _cA. K. Dixit, V. Norman |
| 250 | _a1980 reprinted 2002 | ||
| 260 |
_aNew York : _bCambridge University Press, _c1980 |
||
| 300 |
_ax, 339 p. : _bill. ; _c21.5 cm. |
||
| 490 | 0 | _aCambridge economic handbooks / | |
| 504 | _aIncludes index. | ||
| 650 | 0 |
_aInternational trade _xMathematical models _vTextbooks |
|
| 650 | 0 |
_aForeign trade _xTheories _vTextbooks |
|
| 700 | 1 |
_aNorman, Victor _eaut |
|
| 942 | _cBK | ||